Vita scritta da esso

Gespeichert in:
Bibliographische Detailangaben
1. Verfasser: Alfieri, Vittorio (VerfasserIn)
Weitere Verfasser: Raimondi, Igino (HerausgeberIn)
Format: Buch
Sprache:Italienisch
Erschienen: Lanciano : Carabba Giuseppe, 1926
Ausgabe:Ed. ridotta ed annotata per le scuole da Igino Raimondi
Katalog:EDISCO:  Suchergebnis im Bibliothekskatalog
Schulbuchspezifische Eigenschaften:
Schlagworte:
Tags: Tag hinzufügen
Keine Tags, Fügen Sie den ersten Tag hinzu!
Hinzugefügt zu:30.04.2016
Geändert in:18.10.2017

MARC

LEADER 00000aam a22000001 4500
001 00327
003 OSt
005 20171018092558.0
008 160501s1926 it 000 0 ita
040 |c Antonio Parlati - L'Acquila 
041 1 |a ita 
100 1 |a Alfieri, Vittorio  |9 322  |e Author 
245 0 0 |a Vita scritta da esso /  |c Vittorio Alfieri  
250 |a Ed. ridotta ed annotata per le scuole da Igino Raimondi 
260 |a Lanciano :  |b Carabba Giuseppe,  |c 1926 
300 |a 223 p., 1/1 ;   |c in 16° 
510 3 |a 6 
650 4 |a Biografia  |9 19 
655 |a Libro premio  |9 21 
690 7 |a Secondaria inferiore  |9 97 
700 1 |a Raimondi, Igino  |9 324  |e Editor 
901 |a 1 
942 |2 ddc  |c BK 
546 |a ita 
999 |c 321  |d 321 
999 |c edisco:321  |d 321